[Event "Verden op-A"]
[Site "Verden"]
[Date "2023.01.08"]
[Round "7"]
[White "Kessens, Felix Magnus"]
[Black "Gottschalk, Siegfried"]
[Result "0-1"]
[WhiteElo "1817"]
[BlackElo "1998"]
[PlyCount "100"]
[EventDate "2023.01.05"]
[EventType "swiss"]
[EventRounds "7"]
[EventCountry "GER"]
[SourceTitle "CBM 212 Extra"]
[Source "ChessBase"]
[SourceDate "2023.03.31"]
[SourceVersion "1"]
[SourceVersionDate "2023.03.31"]
[SourceQuality "1"]

1. e4 e6 2. d4 d5 3. Nc3 Bb4 4. e5 c5 5. a3 Bxc3+ 6. bxc3 Ne7 7. Qg4 0-0 8. h4 f5 9. exf6 Rxf6 10. Bg5 Rf7 11. Nf3 Nbc6 12. Bb5 Qa5 13. Bd3 Qxc3+ 14. Ke2 Nxd4+ 15. Nxd4 Qxd4 16. Qxd4 cxd4 17. Rab1 e5 18. f3 Nc6 19. Rb5 Be6 20. h5 h6 21. Bh4 Rd7 22. Kf2 Rf8 23. Ke1 Re8 24. Kd2 Bf7 25. Bf5 Rc7 26. Rhb1 b6 27. Re1 Na5 28. Bd3 Nc4+ 29. Bxc4 Rxc4 30. Bg3 e4 31. Rb4 Rxb4 32. axb4 Bxh5 33. c3 dxc3+ 34. Kxc3 exf3 35. Rxe8+ Bxe8 36. gxf3 Kf7 37. Kd4 Ke6 38. Bb8 a5 39. Bc7 axb4 40. Bxb6 Bh5 41. f4 Bd1 42. Ba5 b3 43. Bc3 g6 44. Ke3 Kf5 45. Be5 Kg4 46. Kf2 Bc2 47. Kg2 h5 48. Kh2 Kf5 49. Kg3 Ke4 50. Bb2 Ke3 0-1

[Event "Verden op-A"]
[Site "Verden"]
[Date "2023.01.06"]
[Round "3"]
[White "Kurt, Sascha"]
[Black "Gottschalk, Siegfried"]
[Result "1/2-1/2"]
[WhiteElo "1828"]
[BlackElo "1998"]
[PlyCount "83"]
[EventDate "2023.01.05"]
[EventType "swiss"]
[EventRounds "7"]
[EventCountry "GER"]
[SourceTitle "CBM 212 Extra"]
[Source "ChessBase"]
[SourceDate "2023.03.31"]
[SourceVersion "1"]
[SourceVersionDate "2023.03.31"]
[SourceQuality "1"]

1. e4 e6 2. d4 d5 3. Nd2 Be7 4. Ngf3 Nf6 5. e5 Nfd7 6. Bd3 c5 7. c3 b6 8. Qa4 Bb7 9. 0-0 Nc6 10. a3 a5 11. Nb1 Qc8 12. h3 Ba6 13. Bxa6 Rxa6 14. Re1 Qb7 15. Qc2 h6 16. Be3 Ra8 17. Nbd2 Rc8 18. Rac1 0-0 19. Qd3 b5 20. Ra1 b4 21. axb4 cxd4 22. Bxd4 axb4 23. Qa6 Qxa6 24. Rxa6 bxc3 25. bxc3 Nc5 26. Bxc5 Bxc5 27. Nb3 Be7 28. Nfd4 Nb8 29. Ra7 Bg5 30. Nb5 Nc6 31. Ra6 Be7 32. N3d4 Nb8 33. Ra7 Bc5 34. Rb7 Rfd8 35. Ra1 Rd7 36. Rxd7 Nxd7 37. Nd6 Rf8 38. f4 f6 39. Kh1 fxe5 40. fxe5 Nxe5 41. N6b5 Rb8 42. Re1 1/2-1/2

[Event "Verden op-A"]
[Site "Verden"]
[Date "2023.01.05"]
[Round "1"]
[White "Nizamova, Rita"]
[Black "Gottschalk, Siegfried"]
[Result "1-0"]
[WhiteElo "1771"]
[BlackElo "1998"]
[PlyCount "41"]
[EventDate "2023.01.05"]
[EventType "swiss"]
[EventRounds "7"]
[EventCountry "GER"]
[SourceTitle "CBM 212 Extra"]
[Source "ChessBase"]
[SourceDate "2023.03.31"]
[SourceVersion "1"]
[SourceVersionDate "2023.03.31"]
[SourceQuality "1"]

1. e4 e6 2. Bd3 c5 3. c3 d5 4. e5 Nc6 5. Nf3 Qc7 6. Qe2 c4 7. Bc2 Bc5 8. 0-0 Nge7 9. b4 cxb3 10. axb3 Ng6 11. d4 Bb6 12. Na3 a6 13. Nb5 Qd8 14. Nd6+ Kf8 15. Ba3 Kg8 16. Qd2 h6 17. Bxg6 fxg6 18. Qd3 g5 19. Qg6 Qc7 20. Ne8 Qf7 21. Nf6+ 1-0

[Event "GER-ch NSV Online 1st"]
[Site "Playchess.com INT"]
[Date "2020.04.26"]
[Round "2"]
[White "Gottschalk, Siegfried"]
[Black "Garbuszus, Juergen"]
[Result "1-0"]
[WhiteElo "1998"]
[BlackElo "2025"]
[PlyCount "111"]
[EventDate "2020.04.26"]
[EventType "swiss (blitz)"]
[EventRounds "13"]
[EventCountry "GER"]
[SourceTitle "CBM 196 Extra"]
[Source "ChessBase"]
[SourceDate "2020.07.31"]
[SourceVersion "1"]
[SourceVersionDate "2020.07.31"]
[SourceQuality "1"]

1. d4 f5 2. c4 Nf6 3. Nc3 d6 4. Bg5 Nbd7 5. Nf3 g6 6. h4 h6 7. Bxf6 Nxf6 8. h5 g5 9. e3 Bg7 10. Bd3 e6 11. Qc2 0-0 12. d5 exd5 13. cxd5 Ng4 14. 0-0-0 Qf6 15. Kb1 Bd7 16. Rd2 b5 17. Nxb5 Rab8 18. Nc3 Qxc3 19. Qxc3 Bxc3 20. Rc2 Bg7 21. b3 Rfc8 22. Ba6 Bb5 23. Bxc8 Rxc8 24. Rd1 Ne5 25. Nxe5 dxe5 26. d6 c6 27. a4 Ba6 28. d7 Rd8 29. Rxc6 Bb7 30. Rc7 Be4+ 31. Ka2 Kf7 32. Rxa7 Bxg2 33. b4 Ke6 34. b5 Bd5+ 35. Kb1 Rxd7 36. Rxd7 Kxd7 37. Rxd5+ Kc7 38. Rd3 e4 39. Rd2 f4 40. Ka2 f3 41. Kb3 Be5 42. Rc2+ Kb6 43. Rc6+ Kb7 44. a5 g4 45. Rg6 g3 46. fxg3 f2 47. Rg7+ Kc8 48. Rf7 Bxg3 49. Kc4 Bh4 50. Kd5 Kd8 51. Kxe4 Ke8 52. Rf5 Ke7 53. Kd3 Kd6 54. Ke2 Ke6 55. Rxf2 Be7 56. Kd3 1-0

[Event "GER-ch NSV Online 1st"]
[Site "Playchess.com INT"]
[Date "2020.04.26"]
[Round "10"]
[White "Gottschalk, Siegfried"]
[Black "Poschadel, Andreas Gregor"]
[Result "0-1"]
[WhiteElo "1998"]
[BlackElo "1946"]
[PlyCount "74"]
[EventDate "2020.04.26"]
[EventType "swiss (blitz)"]
[EventRounds "13"]
[EventCountry "GER"]
[SourceTitle "CBM 196 Extra"]
[Source "ChessBase"]
[SourceDate "2020.07.31"]
[SourceVersion "1"]
[SourceVersionDate "2020.07.31"]
[SourceQuality "1"]

1. Nf3 d5 2. c4 dxc4 3. e3 Nf6 4. Bxc4 e6 5. d4 Bd6 6. 0-0 0-0 7. Nc3 b6 8. e4 Bb4 9. Qe2 Bb7 10. Bg5 h6 11. Bxf6 Qxf6 12. Rad1 c5 13. d5 Bxc3 14. bxc3 exd5 15. exd5 Qxc3 16. Qe4 Nd7 17. Qf5 Rad8 18. Rc1 Qf6 19. Qg4 Ne5 20. Nxe5 Qxe5 21. Rfe1 Qd4 22. Qg3 Bxd5 23. Red1 Bxc4 24. Rxd4 Rxd4 25. h3 Be6 26. Qc7 Rd7 27. Qe5 Rfd8 28. Qe2 Rd2 29. Qa6 Rxa2 30. Qb7 Rd7 31. Qb8+ Kh7 32. Re1 Rdd2 33. Qf4 Rxf2 34. Qe4+ g6 35. Rd1 Rxg2+ 36. Qxg2 Rxg2+ 37. Kxg2 c4 0-1

[Event "GER-ch Net Amateur Gr-A Vor3"]
[Site "Playchess.com INT"]
[Date "2020.04.16"]
[Round "7"]
[White "Gottschalk, Siegfried"]
[Black "Schroeder, Christoph"]
[Result "1/2-1/2"]
[WhiteElo "1798"]
[BlackElo "1674"]
[PlyCount "95"]
[EventDate "2020.04.16"]
[EventType "swiss (blitz)"]
[EventRounds "9"]
[EventCountry "GER"]
[SourceTitle "CBM 195 Extra"]
[Source "ChessBase"]
[SourceDate "2020.05.31"]
[SourceVersion "1"]
[SourceVersionDate "2020.05.31"]
[SourceQuality "1"]

1. Nf3 d5 2. c4 e6 3. g3 Nf6 4. Bg2 Be7 5. 0-0 0-0 6. b3 c5 7. Bb2 b6 8. e3 Bb7 9. cxd5 Nxd5 10. d4 Bf6 11. Qe2 cxd4 12. Nxd4 Nc6 13. Nxc6 Bxc6 14. Bxf6 Qxf6 15. Nd2 Nb4 16. Ne4 Qe7 17. a3 Nd5 18. b4 Rac8 19. Rac1 Bb7 20. Qd3 Rxc1 21. Rxc1 Rc8 22. Rxc8+ Bxc8 23. h4 h6 24. Qc4 Bb7 25. Nd2 Nf6 26. e4 e5 27. Nf1 Qd6 28. Ne3 Qd4 29. Qxd4 exd4 30. Nd5 Nxd5 31. exd5 Kf8 32. Kf1 Ke8 33. Ke2 Kd7 34. Kd3 Kd6 35. Kxd4 a5 36. Be4 axb4 37. axb4 g5 38. Bf3 Ba6 39. Ke4 Bc4 40. Kd4 Bb3 41. hxg5 hxg5 42. Be4 f6 43. Bg2 Ba2 44. Be4 Bb3 45. f4 gxf4 46. gxf4 Ba2 47. Bf3 Bb3 48. Be4 1/2-1/2

[Event "GER-ch Net Amateur Gr-A Vor3"]
[Site "Playchess.com INT"]
[Date "2020.04.16"]
[Round "5"]
[White "Gottschalk, Siegfried"]
[Black "Von Herman, Brigitte"]
[Result "1-0"]
[WhiteElo "1798"]
[BlackElo "1633"]
[PlyCount "111"]
[EventDate "2020.04.16"]
[EventType "swiss (blitz)"]
[EventRounds "9"]
[EventCountry "GER"]
[SourceTitle "CBM 195 Extra"]
[Source "ChessBase"]
[SourceDate "2020.05.31"]
[SourceVersion "1"]
[SourceVersionDate "2020.05.31"]
[SourceQuality "1"]

1. Nf3 Nf6 2. c4 e6 3. g3 d5 4. Bg2 Be7 5. 0-0 0-0 6. b3 c5 7. e3 Nc6 8. Bb2 Re8 9. cxd5 exd5 10. d4 cxd4 11. Nxd4 Bg4 12. Qc2 Rc8 13. Nc3 a6 14. Rac1 Qd7 15. Qb1 Bh3 16. Na4 Ne4 17. Qd3 Ne5 18. Qe2 Bd6 19. Nb6 Qe7 20. Nxc8 Bxc8 21. h3 h6 22. Nf3 Ng6 23. Qd3 h5 24. Qd4 Nf6 25. Rfd1 Bb8 26. Qc5 Bd6 27. Qc3 Bb4 28. Qd4 Bd6 29. Qd3 h4 30. g4 Be6 31. Nd4 Ne5 32. Qe2 Ne4 33. Nxe6 Qxe6 34. Bxe5 Qxe5 35. Qf3 Re6 36. Rc8+ Kh7 37. Qf5+ Qxf5 38. gxf5 Re7 39. Bxe4 dxe4 40. Rxd6 Re5 41. f6 gxf6 42. Rxf6 Rg5+ 43. Kh2 Kg7 44. Rf4 Rd5 45. Rxe4 Rd7 46. Rcc4 Rd2 47. Rf4 Kg6 48. Rc5 Rxa2 49. Rg4+ Kf6 50. Rf4+ Ke6 51. Rh5 Rb2 52. b4 b6 53. Rhxh4 a5 54. bxa5 bxa5 55. Kg3 f5 56. Ra4 1-0

[Event "GER-ch Net Amateur Gr-A Vor3"]
[Site "Playchess.com INT"]
[Date "2020.04.16"]
[Round "9"]
[White "Moewisch, Dave"]
[Black "Gottschalk, Siegfried"]
[Result "0-1"]
[WhiteElo "1679"]
[BlackElo "1798"]
[PlyCount "45"]
[EventDate "2020.04.16"]
[EventType "swiss (blitz)"]
[EventRounds "9"]
[EventCountry "GER"]
[SourceTitle "CBM 195 Extra"]
[Source "ChessBase"]
[SourceDate "2020.05.31"]
[SourceVersion "1"]
[SourceVersionDate "2020.05.31"]
[SourceQuality "1"]

1. e4 e6 2. d4 d5 3. Nc3 Bb4 4. e5 c5 5. a3 Bxc3+ 6. bxc3 Ne7 7. Qg4 0-0 8. Bd3 f5 9. exf6 Rxf6 10. Bg5 Rf7 11. Qh4 h6 12. Bd2 Nbc6 13. Nf3 Bd7 14. Qg3 c4 15. Be2 Nf5 16. Qf4 Nfxd4 17. Qg3 Nxc2+ 18. Kd1 Nxa1 19. Bxh6 Qf6 20. Bd2 Nb3 21. Ng5 Nxd2 22. Nxf7 Ne4 23. Qd6 0-1

[Event "Niedersachsen-ch op-A"]
[Site "Verden an der Aller"]
[Date "2020.01.02"]
[Round "1"]
[White "Rossberg, Jonathan"]
[Black "Gottschalk, Siegfried"]
[Result "0-1"]
[WhiteElo "1834"]
[BlackElo "2003"]
[PlyCount "78"]
[EventDate "2020.01.02"]
[EventType "swiss"]
[EventRounds "7"]
[EventCountry "GER"]
[SourceTitle "EXT 2023"]
[Source "ChessBase"]
[SourceDate "2022.10.05"]
[SourceVersion "1"]
[SourceVersionDate "2022.10.05"]
[SourceQuality "1"]

1. e4 e6 2. d4 d5 3. Nc3 Nf6 4. Bg5 Bb4 5. e5 h6 6. Be3 Ne4 7. Nge2 c5 8. a3 Nxc3 9. Nxc3 Bxc3+ 10. bxc3 Qa5 11. Qd2 Nc6 12. Be2 Bd7 13. f4 cxd4 14. cxd4 Qxd2+ 15. Kxd2 Rc8 16. Rab1 Na5 17. Rb4 Rc7 18. Rhb1 Ke7 19. c4 dxc4 20. Kc3 b5 21. Bd1 Nb7 22. R4b2 a5 23. Bf3 a4 24. d5 exd5 25. Bxd5 Nc5 26. Bxc5+ Rxc5 27. Rd1 Bf5 28. Rbd2 Rc7 29. Bf3 Bd3 30. Be2 Bxe2 31. Rxe2 Rd8 32. Rxd8 Kxd8 33. Rb2 Rb7 34. Kd4 Kd7 35. Kc5 Rc7+ 36. Kd4 Kc6 37. f5 Rd7+ 38. Kc3 Rd3+ 39. Kc2 Re3 0-1

[Event "Niedersachsen-ch op A"]
[Site "Verden"]
[Date "2019.01.05"]
[Round "6"]
[White "Gottschalk, Siegfried"]
[Black "Lebiedz, Oliver"]
[Result "1/2-1/2"]
[WhiteElo "2005"]
[BlackElo "1895"]
[PlyCount "72"]
[EventDate "2019.01.03"]
[EventType "swiss"]
[EventRounds "7"]
[EventCountry "GER"]
[SourceTitle "EXT 2022"]
[Source "ChessBase"]
[SourceDate "2021.10.06"]
[SourceVersion "1"]
[SourceVersionDate "2021.10.06"]
[SourceQuality "1"]

1. d4 Nf6 2. c4 e6 3. Nc3 Bb4 4. Qc2 0-0 5. a3 Bxc3+ 6. Qxc3 d5 7. Bg5 dxc4 8. Qxc4 b6 9. Nf3 Bb7 10. e3 Na6 11. Be2 c5 12. Qa4 Nc7 13. dxc5 bxc5 14. 0-0 Ncd5 15. Rfd1 Qb6 16. Qc2 h6 17. Bh4 Ne8 18. Ne5 Ndf6 19. Nc4 Qc7 20. Bg3 Qe7 21. f3 Nd5 22. e4 Nb6 23. Nd6 c4 24. Nxc4 Rc8 25. b3 Ba6 26. Qa2 Nxc4 27. Bxc4 Bxc4 28. bxc4 Rc6 29. Bf2 Nd6 30. Be1 a5 31. c5 Rxc5 32. Qd2 Nb7 33. Bf2 Rc6 34. Qb2 Rfc8 35. Rd2 Nd6 36. Qd4 Nc4 1/2-1/2

[Event "Niedersachsen-ch op A"]
[Site "Verden"]
[Date "2019.01.04"]
[Round "4"]
[White "Gottschalk, Siegfried"]
[Black "Hilker, Bjoern"]
[Result "1/2-1/2"]
[WhiteElo "2005"]
[BlackElo "1955"]
[PlyCount "156"]
[EventDate "2019.01.03"]
[EventType "swiss"]
[EventRounds "7"]
[EventCountry "GER"]
[SourceTitle "EXT 2022"]
[Source "ChessBase"]
[SourceDate "2021.10.06"]
[SourceVersion "1"]
[SourceVersionDate "2021.10.06"]
[SourceQuality "1"]

1. Nf3 d5 2. c4 e6 3. g3 c5 4. cxd5 exd5 5. d4 Nc6 6. Bg2 Nf6 7. 0-0 Be7 8. Nc3 0-0 9. dxc5 Bxc5 10. Bg5 d4 11. Bxf6 Qxf6 12. Ne4 Qe7 13. Nxc5 Qxc5 14. Qd2 Bg4 15. b4 Qc3 16. Rfd1 Bxf3 17. Bxf3 Nxb4 18. Bxb7 Rab8 19. Be4 f5 20. Bg2 Rfd8 21. a3 Na6 22. Qf4 d3 23. exd3 Qf6 24. d4 g5 25. Qe5 Kf7 26. Rac1 Qxe5 27. dxe5 Rxd1+ 28. Rxd1 Nc5 29. Bd5+ Ke7 30. Rc1 Rb5 31. Bc6 Ra5 32. Rc3 Ne4 33. Rb3 Nc5 34. Rb5 Rxb5 35. Bxb5 f4 36. gxf4 gxf4 37. Bc4 Nd7 38. e6 Nc5 39. Kg2 Nxe6 40. Kf3 Nd4+ 41. Kxf4 Kf6 42. Bd3 h6 43. Ke4 Ne6 44. Bc4 Ng5+ 45. Kf4 Nh3+ 46. Kg3 Ng5 47. Bd5 Nh7 48. Be4 Nf8 49. Kg4 Ne6 50. Kh5 Kg7 51. f3 Nf4+ 52. Kg4 Ne2 53. Kf5 a5 54. Ke5 Nc3 55. Bd3 Nd1 56. Kd4 Kf6 57. Be2 Nb2 58. Kc3 Na4+ 59. Kc4 Ke5 60. Bd3 Nb2+ 61. Kc3 Na4+ 62. Kd2 Kd4 63. f4 Nc5 64. Bc2 Ne6 65. f5 Ng5 66. Ke2 Ke5 67. h4 Nf7 68. Kf3 h5 69. Ke3 Nd6 70. Bd1 Nc4+ 71. Kd3 Nxa3 72. Bxh5 Kxf5 73. Be8 Kf6 74. Kc3 Nb1+ 75. Kc2 Na3+ 76. Kb3 Nb1 77. Ka4 Nc3+ 78. Kxa5 Nd5 1/2-1/2

[Event "Niedersachsen-ch op A"]
[Site "Verden"]
[Date "2019.01.03"]
[Round "2"]
[White "Gottschalk, Siegfried"]
[Black "Marzik, Hans"]
[Result "1-0"]
[WhiteElo "2005"]
[BlackElo "2053"]
[PlyCount "83"]
[EventDate "2019.01.03"]
[EventType "swiss"]
[EventRounds "7"]
[EventCountry "GER"]
[SourceTitle "EXT 2022"]
[Source "ChessBase"]
[SourceDate "2021.10.06"]
[SourceVersion "1"]
[SourceVersionDate "2021.10.06"]
[SourceQuality "1"]

1. c4 Nf6 2. g3 g6 3. Bg2 Bg7 4. Nc3 0-0 5. e4 d6 6. Nge2 c5 7. 0-0 Nc6 8. d3 Bd7 9. h3 a6 10. Be3 Rb8 11. a4 Nb4 12. Qd2 Ne8 13. Kh2 Nc7 14. d4 Ne6 15. Rad1 Qc8 16. d5 Nc7 17. f4 b5 18. axb5 axb5 19. e5 bxc4 20. Ne4 Nb5 21. g4 Qc7 22. N2g3 Nd4 23. exd6 exd6 24. f5 f6 25. Bf4 Rb6 26. fxg6 hxg6 27. g5 f5 28. Nf6+ Kf7 29. h4 Nd3 30. Rb1 Rh8 31. h5 Ne5 32. b4 Qd8 33. Bxe5 dxe5 34. Nxd7 Qxd7 35. bxc5 Rb3 36. h6 Bf8 37. d6 Bxd6 38. cxd6 Qxd6 39. Qa5 Rhb8 40. Qa7+ Qe7 41. Bd5+ Kf8 42. Qxb8+ 1-0

[Event "Niedersachsen-ch op A"]
[Site "Verden"]
[Date "2019.01.03"]
[Round "1"]
[White "Mildner, Ramon"]
[Black "Gottschalk, Siegfried"]
[Result "1/2-1/2"]
[WhiteElo "1954"]
[BlackElo "2005"]
[PlyCount "87"]
[EventDate "2019.01.03"]
[EventType "swiss"]
[EventRounds "7"]
[EventCountry "GER"]
[SourceTitle "EXT 2022"]
[Source "ChessBase"]
[SourceDate "2021.10.06"]
[SourceVersion "1"]
[SourceVersionDate "2021.10.06"]
[SourceQuality "1"]

1. e4 e6 2. d4 d5 3. Nc3 Bb4 4. e5 c5 5. a3 Bxc3+ 6. bxc3 Ne7 7. f4 Qa5 8. Bd2 Nbc6 9. Nf3 Qc7 10. dxc5 Bd7 11. Be3 f6 12. exf6 gxf6 13. Nd4 Nxd4 14. cxd4 0-0-0 15. c3 e5 16. g3 Rde8 17. Kd2 Nf5 18. Qf3 Rhf8 19. Bh3 Nxe3 20. Bxd7+ Qxd7 21. Qxe3 exd4 22. Qxd4 Qb5 23. Rhe1 Qb2+ 24. Kd3 Qb5+ 25. Kc2 Re2+ 26. Rxe2 Qxe2+ 27. Qd2 Qc4 28. Qd4 Qe2+ 29. Kb3 Qb5+ 30. Qb4 Qd3 31. c6 Rf7 32. Qc5 bxc6 33. Qxc6+ Rc7 34. Qe6+ Kb8 35. Qe8+ Rc8 36. Qe1 d4 37. Rc1 Qc4+ 38. Kb2 d3 39. Ka1 Rc6 40. Rb1+ Rb6 41. Rxb6+ axb6 42. Qe8+ Ka7 43. Kb2 Qd5 44. Qa4+ 1/2-1/2

[Event "South Wales Winter op"]
[Site "Newport"]
[Date "2006.01.07"]
[Round "3.8"]
[White "Gottschalk, Siegfried"]
[Black "Bridges, Paul"]
[Result "1-0"]
[WhiteElo "1906"]
[BlackElo "1767"]
[PlyCount "77"]
[EventDate "2006.01.06"]
[EventType "swiss"]
[EventRounds "5"]
[EventCountry "WLS"]
[SourceTitle "EXT 2007"]
[Source "ChessBase"]
[SourceDate "2006.11.23"]
[SourceVersion "1"]
[SourceVersionDate "2006.11.23"]
[SourceQuality "1"]

1. b4 e5 2. Bb2 d6 3. e3 Be7 4. f4 Bf6 5. Nf3 e4 6. Bxf6 Nxf6 7. Nd4 0-0 8. Nc3 c5 9. bxc5 dxc5 10. Nb3 b6 11. Bc4 Bb7 12. Qe2 Qe7 13. 0-0 a6 14. a4 Nbd7 15. Rfb1 Rfd8 16. Na5 bxa5 17. Rxb7 Qd6 18. Rab1 Rab8 19. Bxa6 Rxb7 20. Rxb7 Rb8 21. Rxb8+ Nxb8 22. Bb7 Qe7 23. Qb5 g6 24. Bxe4 Nbd7 25. Qxa5 Qd6 26. Nb5 Qe7 27. Bf3 h5 28. h3 h4 29. Qc7 Qe6 30. Bc6 Nf8 31. Qd6 Qf5 32. d3 g5 33. e4 Qg6 34. f5 Qg7 35. Qxc5 g4 36. Qe3 g3 37. d4 N8h7 38. e5 Nh5 39. Bf3 1-0